000 00486nab a2200145Ia 4500
003 ES-SlBCS
005 20210601132847.0
008 140529s1957 xxu||||| |||| 00| 0 ita d
041 _aita
100 1 _aFano, Giorgio
_9193600
245 0 0 _aVerità e storia. Un dibattito sul metodo della storia della filosofia
_c Giorgio Fano
650 0 4 _aHistoria de la Filosofía-Método
_9199287
773 0 _tGiornali di Metafisica
_gvol. 12, nº. 2, 1957, págs. 230-238
_w0017-0372
942 _cAR
999 _c586802
_d586802